| 000 | 00382nam a2200157Ia 4500 | ||
|---|---|---|---|
| 008 | 210716s2006 xx 000 0 und d | ||
| 020 | _a9781416511557 | ||
| 041 | _aeng | ||
| 082 | _a374.22 SCHD | ||
| 100 | _aSchwartz, David Joseph. | ||
| 245 | _aMagic of thinking big. | ||
| 250 | _a1 | ||
| 260 |
_aLondon _bPocket Books _c2006 |
||
| 300 | _a348 | ||
| 650 | _aGeneral Knowledge | ||
| 999 |
_c208089 _d208089 |
||